Milagros de la Torre. (1997) (Record no. 628)

MARC details
000 -LEADER
campo de control de longitud fija 01237nam a2200349 a 4500
001 - NÚMERO DE CONTROL
campo de control 2619478
005 - FECHA Y HORA DE LA ÚLTIMA TRANSACCIÓN
campo de control 20220326193325.0
008 - DATOS DE LONGITUD FIJA--INFORMACIÓN GENERAL
campo de control de longitud fija 980120s1997 sp a b 000 0 spa
010 ## - NÚMERO DE CONTROL DE LA BIBLIOTECA DEL CONGRESO
Número de control de LC 98105311
020 ## - NÚMERO INTERNACIONAL ESTÁNDAR DEL LIBRO
Número Internacional Estándar del Libro 8474818672
035 ## - NÚMERO DE CONTROL DEL SISTEMA
Número de control de sistema (SpBaP)pu 970013494
040 ## - FUENTE DE CATALOGACIÓN
Centro catalogador/agencia de origen DLC
Centro/agencia transcriptor DLC
041 1# - CÓDIGO DE IDIOMA
Código de lengua del texto/banda sonora o título independiente spa
Código de lengua original eng
082 00 - NÚMERO DE LA CLASIFICACIÓN DECIMAL DEWEY
Número de edición 21
Número de clasificación 779.092
Número de ítem M 559m
100 1# - ENTRADA PRINCIPAL--NOMBRE DE PERSONA
Nombre de persona Torre, Milagros de la
9 (RLIN) 2820
245 10 - MENCIÓN DEL TÍTULO
Título Milagros de la Torre. (1997)
Mención de responsabilidad, etc. Merewether, Charles; Villacorta Chavez, Jorge
250 ## - MENCION DE EDICION
Mención de edición 1. ed.
260 ## - PUBLICACIÓN, DISTRIBUCIÓN, ETC.
Lugar de publicación, distribución, etc. Salamanca :
Nombre del editor, distribuidor, etc. Universidad de Salamanca,
Fecha de publicación, distribución, etc. 1997.
300 ## - DESCRIPCIÓN FÍSICA
Extensión 93 p. :
Otras características físicas ill., photos. ;
Dimensiones 28 cm.
440 #0 - MENCIÓN DE SERIE/PUNTO DE ACCESO ADICIONAL--TÍTULO
Título Campo de Agramante ;
Designación de volumen o secuencia 19
9 (RLIN) 2821
500 ## - NOTA GENERAL
Nota general English and Spanish.
504 ## - NOTA DE BIBLIOGRAFÍA, ETC.
Nota de bibliografía, etc. Includes bibliographical references.
600 10 - PUNTO DE ACCESO ADICIONAL DE MATERIA--NOMBRE DE PERSONA
Nombre de persona Torre, Milagros de la.
9 (RLIN) 2822
650 #0 - PUNTO DE ACCESO ADICIONAL DE MATERIA--TÉRMINO DE MATERIA
Término de materia o nombre geográfico como elemento de entrada Photography, Artistic.
9 (RLIN) 2823
653 ## - TÉRMINO DE INDIZACIÓN--NO CONTROLADO
Término no controlado Fotografías.
653 ## - TÉRMINO DE INDIZACIÓN--NO CONTROLADO
Término no controlado Torre, Milagros de la
-- Fotografías.
653 ## - TÉRMINO DE INDIZACIÓN--NO CONTROLADO
Término no controlado Criminología
-- Pruebas
-- Fotografías.
653 ## - TÉRMINO DE INDIZACIÓN--NO CONTROLADO
Término no controlado Cuerpo del delito
-- Fotografías.
700 ## - ENTRADA AGREGADA--NOMBRE PERSONAL
Nombre de persona Charles Merewether ; Jorge Villacorta Chavez
9 (RLIN) 2824
906 ## - ELEMENTOS DE DATOS F LOCAL, LDF (RLIN)
a 7
b cbc
c orignew
d 3
e ncip
f 19
g y-gencatlg
Holdings
Estatus retirado Estado de pérdida Fuente del sistema de clasificación o colocación Estado de daño No para préstamo Biblioteca de origen Biblioteca actual Ubicación en estantería Fecha de adquisición Total de préstamos Signatura topográfica completa Código de barras Visto por última vez Precio de reemplazo Tipo de ítem Koha
    Clasificación Decimal Dewey     Biblioteca LadoV Biblioteca LadoV   22/05/2015   779.092 M 559m 000702 22/05/2015 22/05/2015 Material 01